| 000 | 00451nam a22001577a 4500 | ||
|---|---|---|---|
| 999 |
_c18666 _d18666 |
||
| 008 | 201210b xxu||||| |||| 00| 0 eng d | ||
| 020 | _a9780273650379 | ||
| 040 |
_aKABU _cKABU |
||
| 050 |
_aHD 30.28 _b.M56 2000 C.1 |
||
| 100 | _aMintzberg, Henry | ||
| 245 |
_aThe Rise and Fall of Strategic planning/ _cHenry Mintzberg. |
||
| 260 |
_aLondon: _bPrentice Hall, _c2000. |
||
| 300 | _axix, 458p. | ||
| 650 | _aStrategic planning | ||
| 942 |
_2lcc _cBK |
||